[Event "GER Seniors Derby 15th"]
[Site "Wesel Undeloh"]
[Date "2016.04.08"]
[Round "5"]
[White "Hartung, Lothar"]
[Black "Von der Lieth, Ingo"]
[Result "1-0"]
[WhiteElo "1809"]
[BlackElo "1546"]
[PlyCount "83"]
[EventDate "2016.04.06"]
[EventType "swiss"]
[EventRounds "9"]
[EventCountry "GER"]
[SourceTitle "EXT 2019"]
[Source "ChessBase"]
[SourceDate "2018.10.10"]
[SourceVersion "1"]
[SourceVersionDate "2018.10.10"]
[SourceQuality "1"]

1. d4 Nf6 2. Nf3 e6 3. e3 c5 4. Bd3 Nc6 5. c3 Be7 6. Nbd2 h6 7. 0-0 b6 8. e4 d6 9. Bb5 Bd7 10. Qe2 0-0 11. Re1 d5 12. e5 Nh7 13. Bd3 Bg5 14. Nxg5 Nxg5 15. f4 Nh7 16. Nf3 f5 17. Be3 Rf7 18. dxc5 bxc5 19. Bxc5 Qa5 20. b4 Qd8 21. a4 Qc7 22. Rac1 Nf8 23. Bb5 Bc8 24. Bxc6 Qxc6 25. Nd4 Qb7 26. Nb5 Qa6 27. Qf2 Nd7 28. Nc7 Qb7 29. Nxa8 Qxa8 30. Bxa7 Nxe5 31. fxe5 Rxa7 32. a5 Ba6 33. Qb6 Kf7 34. b5 Bc8 35. Qc5 Qb7 36. b6 Ra6 37. c4 d4 38. Qd6 f4 39. Qxd4 g5 40. Red1 f3 41. Rf1 g4 42. Qxg4 1-0